Green Day Discography - In Order - Statistics

General Stats
  • This quiz has been taken 120 times
    119 since last reset
  • The average score is 72 of 198
Answer Stats
Hint Answer % Correct
American Idiot (2004) American Idiot
71%
1,039/Smoothed Out Slappy Hours (1991) At the Library
69%
Holiday
68%
Are We the Waiting
67%
Boulevard of Broken Dreams
67%
Jesus of Suburbia
67%
St. Jimmy
67%
Homecoming
65%
She's a Rebel
65%
Extraordinary Girl
64%
Letterbomb
64%
Wake Me Up When September Ends
64%
Whatsername
64%
Give Me Novacaine
63%
Dookie (1994) Burnout
61%
21st Century Breakdown (2009) Song of the Century
60%
21st Century Breakdown
59%
Having a Blast
57%
All by Myself
56%
Chump
55%
F.O.D
55%
Warning (2000) Warning
55%
Good Riddance (Time of Your Life
53%
Hitchin' a Ride
53%
Longview
53%
Nimrod (1997) Nice Guys FInish Last
53%
Basket Case
52%
She
52%
Welcome to Paradise
52%
Brain Stew
51%
Jaded
51%
Know Your Enemy
51%
Pulling Teeth
51%
Sassafras Roots
51%
When I Come Around
51%
Don't Leave Me
48%
Macy's Day Parade
48%
Church on Sunday
47%
Coming Clean
47%
Prosthetic Head
47%
The Grouch
47%
¡Viva La Gloria
47%
Castaway
45%
In the End
45%
Minority
45%
Waiting
44%
Walking Contradiction
44%
Insomniac (1995) Armatage Shanks
43%
Brat
43%
Emenius Sleepus
43%
See the Light
43%
Kerplunk (1991) 2000 Light Years Away
41%
Christian's Inferno
41%
Disappearing Boy
41%
Geek Stink Breath
41%
I Was There
41%
Last NIght on Earth
41%
Misery
41%
Scattered
41%
Stuck with Me
41%
21 Guns
40%
American Eulogy: Mass Hysteria / Modern World
40%
Blood, Sex and Booze
40%
East Jesus Nowhere
40%
Green Day
40%
Jinx
40%
King for a Day
40%
Last Ride In
40%
Platypus (I Hate You)
40%
Redundant
40%
86
39%
Fashion Victim
39%
¡Uno! (2012) Nuclear Family
39%
Tight Wad Hill
39%
Welcome to Paradise
39%
Before the Lobotomy
37%
Christie Road
37%
Deadbeat Holiday
37%
Dominated Love Slave
37%
Haushinka
37%
Horseshoes and Handgrenades
37%
Jackass
37%
My Generation
37%
The Static Age
37%
Westbound Sign
37%
Worry Rock
37%
Bab's Uvula Who?
36%
Bang Bang
36%
Father of All... (2020) Father of All...
36%
Hold On
36%
Last of the American GIrls
36%
Murder City
36%
No Pride
36%
One for the Razorbacks
36%
Panic Song
36%
Peacemaker
36%
Revolution Radio
36%
Stay the NIght
36%
Stuart and the Ave.
36%
Take Back
36%
16
35%
80
35%
All the Time
35%
Going To Pasalacqua
35%
Private Ale
35%
Rest
35%
Revolution Radio (2016) Somewhere Now
35%
¿Viva La Gloria? (Little Girl)
35%
Who Wrote Holden Caulfield?
35%
Words I Might Have Ate
35%
Android
33%
Best Thing in Town
33%
Carpe Diem
33%
Ha Ha You're Dead
33%
No One Knows
33%
Ordinary World
33%
Restless Heart Syndrome
33%
Sweet Children
33%
Kill the DJ
32%
Road to Acceptance
32%
The Judge's Daughter
32%
Uptight
32%
Walking Alone
32%
Dry Ice
31%
I Want to Be Alone
31%
Oh Love
31%
One of My Lies
31%
Paper Lanterns
31%
Strangeland
31%
Shenanigans (2002) Suffocate
31%
1,000 Hours
29%
Fire, Ready, Aim
29%
Forever Now
29%
Only of You
29%
Reject
29%
Why Do You Want HIm?
29%
Fuck Time
28%
Knowledge
28%
Meet Me on the Roof
28%
Oh Yeah!
28%
Outlaws
28%
Rusty James
28%
The One I Want
28%
409 in Your Coffeemaker
27%
Desensitized
27%
Say Goodbye
27%
¡Dos! (2012) See You Tonight
27%
Still Breathing
27%
Angel Blue
25%
Graffitia
25%
I Was a Teenage Teenager
25%
Let Yourself Go
25%
On the Wagon
25%
Sweet 16
25%
Troublemaker
25%
Amy
24%
Shenanigans (2002) Espionage
24%
Junkies on a HIgh
24%
NIghtlife
24%
Rotting
24%
Sugar Youth
24%
The Forgotten
24%
Too Dumb to Die
24%
You Lied
24%
Youngblood
24%
Bouncing off the Wall
23%
¡Tre! (2012) Brutal Love
23%
Do Da Da
23%
I Want to Be on T.V.
23%
Loss of Control
23%
Outsider
23%
Stray Heart
23%
99 Revolutions
21%
Don't Wanna Fall in Love
21%
Missing You
21%
Stab You In the Heart
21%
Stop When the Red LIghts Flash
21%
Tired of Waiting for You
21%
Troubled Times
21%
Fell For You
20%
Lady Cobra
20%
Lazy Bones
20%
Scumbag
20%
Sick of Me
20%
Take the Money and Crawl
20%
Wow! That's Loud
20%
8th Avenue Serenade
19%
A Little Boy Named Train
19%
Drama Queen
19%
Wild One
19%
Ashley
16%
Dirty Rotten Bastards
16%
Makeout Party
16%
X-KId
16%
Amanda
15%
Sex, Drugs & Violence
15%
Walk Away
13%
Baby Eyes
12%
No matching quizzes found
Score Distribution
Percent of People with Each Score
Percentile by Number Answered
Your Score History
You have not taken this quiz since the last reset